APEC Schools

Les miserables / (Record no. 5155)

000 -LEADER
fixed length control field nam a22 7a 4500
005 - DATE AND TIME OF LATEST TRANSACTION
control field 20180326054647.0
008 - FIXED-LENGTH DATA ELEMENTS--GENERAL INFORMATION
fixed length control field 180326b xxu||||| |||| 00| 0 eng d
020 ## - IDENTIFIER FOR THE MANIFESTATION
Identifier for the Manifestation 449300021
Binding paperback
040 ## - CATALOGING SOURCE
Language of Cataloging eng
Transcribing Agency APEC Schools Library
Description Conventions rda
082 ## - DEWEY DECIMAL CLASSIFICATION NUMBER
Classification number FIC
Author's Number H874l 1997
100 1# - CREATOR
Preferred Name of the Person Hugo, Victor.
245 1# - TITLE AND STATEMENT OF RESPONSIBILITY
Preferred Title Proper Les miserables /
Statement of Responsibility/Parallel Statement of Responsibility Victor Hugo.
264 ## - PUBLICATION STATEMENT
Place of publication, distribution, etc New York, NY :
Publisher's Name/Parallel Publisher's Name Ballantine Books,
Copyright ©1997.
Date of Publication [1997].
300 ## - PHYSICAL DESCRIPTION
Extent x, 400 pages ;
Dimensions 18 cm
336 ## - RDA CONTENT
Source rdacontent
Content Type text
337 ## - RDA MEDIA
Source rdamedia
Media Type unmediated
338 ## - RDA CARRIER
Source rdacarrier
Carrier Type volume
650 ## - ADDED SUBJECT ACCESS POINT - TOPICAL TERM
Topical Term Detective and mystery stories.
651 ## - ADDED SUBJECT ACCESS POINT - GEOGRAPHIC NAME
Topical Term France.
942 ## - ADDED ENTRY ELEMENTS (KOHA)
Source of Classification
Koha Item Type Books
Holdings
Library Site Location Shelving Location Source of Acquisition Full Classification Number Accession Number Koha Item Type
APEC Holy Spirit Library APEC Holy Spirit Library Fiction Institutional Fund FIC H874l 1997 A03-0000103 Fiction
APEC Holy Spirit Library APEC Holy Spirit Library Fiction Institutional Fund FIC H874l 1997 A03-0000104 Fiction
APEC Silangan, Pateros Library APEC Silangan, Pateros Library Fiction Institutional Fund FIC H874l 1997 B07-0000050 Fiction
APEC Silangan, Pateros Library APEC Silangan, Pateros Library Fiction Donation FIC H874l 1997 B07-0000027D Fiction

Powered by Koha